000 00703nam a2200229Ia 4500
001 10297
003 GE_BSU
008 181216s||||||||xx |||||||||||||| ||und||
020 _a9994039431
040 _cGE_BSU
080 _a821.353.1–1
100 _aტაბიძე,ტიციან
245 _a100 ლექსი
245 _cშემდგ.ნოდარ ტაბიძე.საგამომც.პროექტის ავტ.კახმეგ კუდავა
260 _aთბილისი
260 _bინტელექტი
260 _c2005
300 _a143გვ.206სმ.
541 _h5ლ.70თ.
653 _a100 ლექსი
942 _cBK
999 _c43564
_d43564